[Event "Online Olym Div3 A"]
[Site "Chess.com INT"]
[Date "2021.08.28"]
[Round "4.2"]
[White "Lim, Zhuo Ren"]
[Black "Fan, Allen Chi Zhou"]
[Result "1-0"]
[WhiteElo "2311"]
[BlackElo "2147"]
[PlyCount "115"]
[EventDate "2021.08.27"]
[EventType "team-tourn (rapid)"]
[EventRounds "9"]
[EventCountry "USA"]
[SourceTitle "CBM 204 Extra"]
[Source "ChessBase"]
[SourceDate "2021.11.30"]
[SourceVersion "1"]
[SourceVersionDate "2021.11.30"]
[SourceQuality "1"]
[WhiteTeam "Malaysia"]
[BlackTeam "New Zealand"]
[WhiteTeamCountry "MAS"]
[BlackTeamCountry "NZL"]

1. d4 Nf6 2. c4 g6 3. g3 Bg7 4. Bg2 0-0 5. Nc3 d6 6. Nf3 Nc6 7. 0-0 a6 8. b3 Rb8 9. d5 Na5 10. Bg5 h6 11. Bd2 c5 12. dxc6 Nxc6 13. Rc1 b6 14. Ne1 Bb7 15. Nd3 Nd7 16. Nf4 e6 17. Be3 Qe7 18. Qd2 Rfd8 19. Rfd1 Nc5 20. Ne4 Ne5 21. Nc3 Bxg2 22. Nxg2 Ng4 23. Bd4 Nf6 24. Qc2 b5 25. Bxc5 dxc5 26. Rxd8+ Qxd8 27. Rd1 Qa5 28. Ne3 Kh7 29. Rd3 Rb7 30. Kg2 b4 31. Na4 Ne4 32. f3 Nc3 33. Nxc3 Bxc3 34. Nd1 Bd4 35. e3 Bf6 36. Nf2 Rc7 37. Ne4 Be5 38. Rd2 Qa3 39. f4 Bg7 40. g4 a5 41. h4 a4 42. h5 axb3 43. axb3 Qa8 44. Kg3 f5 45. hxg6+ Kxg6 46. gxf5+ exf5 47. Nd6 Qf8 48. Rd5 Bf6 49. Qxf5+ Kg7 50. Ne4 Rf7 51. Nxf6 Rxf6 52. Rd7+ Rf7 53. Rxf7+ Qxf7 54. Qxf7+ Kxf7 55. Kg4 Kf6 56. e4 Ke6 57. Kh5 Kf6 58. Kxh6 1-0

[Event "Online Olym Div3 A"]
[Site "Chess.com INT"]
[Date "2021.08.27"]
[Round "3.5"]
[White "Fan, Allen Chi Zhou"]
[Black "Tran, Thanh Tu"]
[Result "0-1"]
[WhiteElo "2147"]
[BlackElo "2374"]
[PlyCount "90"]
[EventDate "2021.08.27"]
[EventType "team-tourn (rapid)"]
[EventRounds "9"]
[EventCountry "USA"]
[SourceTitle "CBM 204 Extra"]
[Source "ChessBase"]
[SourceDate "2021.11.30"]
[SourceVersion "1"]
[SourceVersionDate "2021.11.30"]
[SourceQuality "1"]
[WhiteTeam "New Zealand"]
[BlackTeam "Japan"]
[WhiteTeamCountry "NZL"]
[BlackTeamCountry "JPN"]

1. Nf3 d5 2. c4 Nf6 3. cxd5 Qxd5 4. Nc3 Qh5 5. d4 c6 6. e4 Bg4 7. Qb3 Nbd7 8. Be2 0-0-0 9. e5 Ne8 10. h3 Nc7 11. Be3 Nb6 12. Rc1 Kb8 13. hxg4 Qxh1+ 14. Kd2 Qxg2 15. Rg1 Qh3 16. Qxf7 h5 17. Bf1 Nc4+ 18. Qxc4 Qxf3 19. Rg3 Qh1 20. Rh3 Qxh3 21. Bxh3 hxg4 22. Bxg4 Rh4 23. Bf3 g5 24. Ne4 g4 25. Be2 Bh6 26. Bxh6 Rxh6 27. Nc5 Nd5 28. Bxg4 Rh4 29. Ne6 Rdh8 30. Be2 Rh2 31. Ke1 Rh1+ 32. Bf1 Rg1 33. Kd2 Rh2 34. Ke1 Rhh1 35. Nf8 Kc7 36. f3 Ne3 37. Qe6 Rxf1+ 38. Kd2 Nd5 39. Qd7+ Kb6 40. Qd8+ Kb5 41. Ke2 Rb1 42. Kf2 Rxb2+ 43. Kg3 Rg1+ 44. Kh3 Nf4+ 45. Kh4 Rh2# 0-1

[Event "Henderson Trusts op-A 43rd"]
[Site "Henderson"]
[Date "2021.06.05"]
[Round "1"]
[White "Ha, Huy Minh"]
[Black "Fan, Allen Chi Zhou"]
[Result "0-1"]
[WhiteElo "1709"]
[BlackElo "2193"]
[PlyCount "132"]
[EventDate "2021.06.05"]
[EventType "swiss"]
[EventRounds "6"]
[EventCountry "NZL"]
[SourceTitle "EXT 2024"]
[Source "ChessBase"]
[SourceDate "2023.10.10"]
[SourceVersion "1"]
[SourceVersionDate "2023.10.10"]
[SourceQuality "1"]

1. e4 Nf6 2. e5 Nd5 3. d4 d6 4. Nf3 dxe5 5. dxe5 e6 6. c4 Nb4 7. Qxd8+ Kxd8 8. Na3 b6 9. Be2 Bb7 10. 0-0 h6 11. Bd2 Nd7 12. Bc3 Be7 13. Nb5 a6 14. a3 axb5 15. axb4 bxc4 16. Bxc4 Kc8 17. Nd2 Rd8 18. Nb3 Nb8 19. Rxa8 Bxa8 20. Nd4 Be4 21. Ra1 Kb7 22. f3 Bd5 23. Be2 c6 24. Kf1 b5 25. Nc2 Nd7 26. f4 Nb6 27. Nd4 Be4 28. Nb3 Nd5 29. Bd4 Ra8 30. Rxa8 Kxa8 31. Nc5 Bc2 32. g3 Nxb4 33. Ke1 Kb8 34. Kd2 Bf5 35. Bf3 Kc7 36. Kc3 Nd5+ 37. Bxd5 cxd5 38. b4 Kc6 39. h4 f6 40. Nb3 Kd7 41. Bf2 Bd8 42. Bc5 g5 43. hxg5 fxg5 44. fxg5 Bxg5 45. Bf2 Bh3 46. Nd4 Bf1 47. Bg1 h5 48. Nf3 Bh6 49. Bc5 Be2 50. Nd4 Bc4 51. Nf3 Ke8 52. Bf2 Kf7 53. Kd4 Be2 54. Nh4 Bg5 55. Be1 Bd8 56. Ke3 Bg4 57. Bc3 Kg7 58. Ng2 Kg6 59. Nh4+ Kg5 60. Bd2 Bd1 61. Kf2+ Kg4 62. Ng2 d4 63. Nf4 Kf5 64. Ke1 Bg4 65. Nd3 Ke4 66. Nf2+ Kxe5 0-1

[Event "Auckland Waitangi op"]
[Site "Auckland"]
[Date "2021.02.08"]
[Round "5"]
[White "Ang, Alphaeus Wei Ern"]
[Black "Fan, Allen Chi Zhou"]
[Result "1/2-1/2"]
[WhiteElo "2249"]
[BlackElo "2134"]
[PlyCount "110"]
[EventDate "2021.02.06"]
[EventType "swiss"]
[EventRounds "6"]
[EventCountry "NZL"]
[SourceTitle "EXT 2024"]
[Source "ChessBase"]
[SourceDate "2023.10.10"]
[SourceVersion "1"]
[SourceVersionDate "2023.10.10"]
[SourceQuality "1"]

1. d4 Nf6 2. c4 g6 3. Nf3 Bg7 4. b4 a5 5. b5 c5 6. Bb2 cxd4 7. Nxd4 b6 8. f3 0-0 9. e4 d6 10. Be2 Bb7 11. 0-0 Nbd7 12. Nd2 Nc5 13. Re1 Nh5 14. g3 e5 15. Nc2 Na4 16. Ne3 Nxb2 17. Qb3 Qg5 18. Nef1 Nf4 19. h4 Qh5 20. Qxb2 g5 21. gxf4 exf4 22. Qc2 Bd4+ 23. Kh1 Qxh4+ 24. Nh2 Rae8 25. Bd3 Re6 26. Nb3 Bxa1 27. Rxa1 f5 28. Nd4 Rh6 29. Nc6 g4 30. Rg1 g3 31. Rg2 Bxc6 32. bxc6 fxe4 33. Bxe4 Qf6 34. Qb2 Qxb2 35. Rxb2 Rc8 36. Rxb6 Rxh2+ 37. Kg1 Rxa2 38. Rb7 Re2 39. c7 Rxe4 40. fxe4 Kf7 41. Kg2 Ke6 42. Ra7 Ke5 43. Kf3 g2 44. Rxa5+ Kd4 45. Rd5+ Kxc4 46. Kxg2 Rxc7 47. Rxd6 Rf7 48. Kf3 Kc5 49. Rd5+ Kc6 50. Rf5 Rxf5 51. exf5 Kd6 52. Kxf4 Ke7 53. Kg5 Kf7 54. Kh6 Kf6 55. Kxh7 Kxf5 1/2-1/2

[Event "Auckland Waitangi op"]
[Site "Auckland"]
[Date "2021.02.07"]
[Round "4"]
[White "Steadman, Michael VR"]
[Black "Fan, Allen Chi Zhou"]
[Result "0-1"]
[WhiteElo "2176"]
[BlackElo "2134"]
[PlyCount "126"]
[EventDate "2021.02.06"]
[EventType "swiss"]
[EventRounds "6"]
[EventCountry "NZL"]
[SourceTitle "EXT 2024"]
[Source "ChessBase"]
[SourceDate "2023.10.10"]
[SourceVersion "1"]
[SourceVersionDate "2023.10.10"]
[SourceQuality "1"]

1. e4 c5 2. Nc3 Nc6 3. g3 g6 4. Bg2 Bg7 5. d3 Rb8 6. Be3 d6 7. a4 a6 8. Qd2 b5 9. axb5 axb5 10. f4 b4 11. Nd1 Nd4 12. Ne2 b3 13. Bxd4 cxd4 14. cxb3 e5 15. 0-0 Nf6 16. f5 Ng4 17. Qc2 Bh6 18. h3 Ne3 19. Nxe3 Bxe3+ 20. Kh1 Qb6 21. Ra3 0-0 22. Nc1 Bd7 23. Na2 Rfc8 24. Qe2 Rc5 25. Nc3 dxc3 26. Qxe3 cxb2 27. Qh6 Qd8 28. Qd2 Rbc8 29. Qxb2 Rc2 30. Qa1 gxf5 31. exf5 Bxf5 32. Qd1 Bg6 33. Bd5 R2c3 34. Qg4 Rc1 35. Ra1 Rxa1 36. Rxa1 Kh8 37. h4 h5 38. Qf3 Qe7 39. b4 Rc3 40. Be4 Qe6 41. Bxg6 Qxg6 42. Rd1 Rb3 43. Rd2 Rxb4 44. Kh2 Kg7 45. Qe3 Rd4 46. Rd1 Qf5 47. Kg2 Qg6 48. Kf2 f5 49. Rg1 Qg4 50. Rg2 Ra4 51. Kg1 Qd4 52. Re2 Qxe3+ 53. Rxe3 Ra2 54. d4 exd4 55. Rd3 Ra4 56. Kf2 Kf6 57. Rb3 Ke5 58. Rb8 Ke4 59. Re8+ Kd3 60. Rd8 Ra6 61. Rf8 Ra5 62. Rd8 Rd5 63. Ke1 Kc2 0-1

[Event "Online Olym Div3 A"]
[Site "Chess.com INT"]
[Date "2020.08.07"]
[Round "1.4"]
[White "Kwong, Wing Ki"]
[Black "Fan, Allen Chi Zhou"]
[Result "0-1"]
[WhiteElo "1876"]
[BlackElo "2134"]
[PlyCount "92"]
[EventDate "2020.08.07"]
[EventType "team-tourn (rapid)"]
[EventRounds "9"]
[EventCountry "USA"]
[SourceTitle "CBM 198"]
[Source "ChessBase"]
[SourceDate "2020.10.31"]
[SourceVersion "1"]
[SourceVersionDate "2020.10.31"]
[SourceQuality "1"]
[WhiteTeam "Hong Kong"]
[BlackTeam "New Zealand"]
[WhiteTeamCountry "HKG"]
[BlackTeamCountry "NZL"]

1. d4 Nf6 2. c4 g6 3. Nc3 Bg7 4. e4 d6 5. Be2 0-0 6. Bg5 Na6 7. Qd2 e5 8. d5 Qe8 9. f3 h5 10. h3 Nh7 11. Be3 h4 12. Bf2 Qe7 13. g3 f5 14. g4 Bf6 15. gxf5 gxf5 16. 0-0-0 Bg5 17. Be3 f4 18. Bf2 Nf6 19. c5 Nxc5 20. Bxc5 dxc5 21. Bc4 Kh8 22. d6 cxd6 23. Qxd6 Qxd6 24. Rxd6 Bd7 25. Nge2 Bc6 26. Rhd1 Bh6 27. Nd5 Bg7 28. Ne7 Be8 29. Nf5 Bh5 30. Rg1 Ne8 31. Nxg7 Nxd6 32. Bd5 Bxf3 33. Nc3 Rg8 34. Rg6 Rxg7 35. Rxd6 Re8 36. Rh6+ Rh7 37. Rg6 Bh5 38. Rg5 Bf7 39. Bxb7 Be6 40. Nd5 Rxb7 41. Nf6 Rf8 42. Rh5+ Kg7 43. Rh7+ Kxf6 44. Rxb7 f3 45. Kd2 f2 46. Ke2 Kg6 0-1

[Event "George Trundle Qualifiers"]
[Site "Auckland"]
[Date "2020.01.07"]
[Round "4"]
[White "Fan, Allen Chi Zhou"]
[Black "Milligan, Helen"]
[Result "1-0"]
[WhiteElo "2133"]
[BlackElo "1940"]
[PlyCount "129"]
[EventDate "2020.01.04"]
[EventType "tourn"]
[EventRounds "9"]
[EventCountry "NZL"]
[SourceTitle "EXT 2021"]
[Source "ChessBase"]
[SourceDate "2020.10.23"]
[SourceVersion "1"]
[SourceVersionDate "2020.10.23"]
[SourceQuality "1"]

1. Nf3 Nf6 2. c4 g6 3. g3 Bg7 4. Bg2 d6 5. 0-0 0-0 6. Nc3 e5 7. d3 a5 8. Rb1 Nc6 9. a3 h6 10. b4 axb4 11. axb4 Be6 12. b5 Ne7 13. Bb2 Qd7 14. Ra1 Bh3 15. Rxa8 Rxa8 16. Qb3 Bxg2 17. Kxg2 b6 18. Ra1 Qc8 19. Rxa8 Qxa8 20. Qa3 Qxa3 21. Bxa3 Kf8 22. Ne1 Ke8 23. Nc2 Kd7 24. Nb4 Nh5 25. Ncd5 Nxd5 26. Nxd5 Nf6 27. Nb4 Ne8 28. Bc1 h5 29. f3 Bf6 30. Bh6 Bg7 31. Be3 Bf6 32. Bh6 Bg7 33. Bd2 Bf6 34. f4 exf4 35. gxf4 Ng7 36. Kf3 Ne6 37. e3 Nc5 38. Be1 Bd8 39. d4 Ne6 40. Nc6 Bf6 41. Bf2 g5 42. Ke4 Ng7 43. Nb4 Bd8 44. f5 Ne8 45. Kd3 Nf6 46. e4 Ng4 47. Bg1 Nh6 48. Nc6 f6 49. h3 Be7 50. Bh2 Bf8 51. Nb8+ Kc8 52. Na6 Kd7 53. c5 bxc5 54. dxc5 Nf7 55. c6+ Kc8 56. Nb4 Be7 57. Nd5 Bd8 58. Ke2 Nh6 59. Bg1 Ng8 60. Bd4 Kb8 61. Kf2 Kc8 62. Kg2 Kb8 63. h4 Kc8 64. hxg5 fxg5 65. Bg7 1-0

[Event "Henderson Trusts op 42nd"]
[Site "Henderson"]
[Date "2019.06.04"]
[Round "6"]
[White "Fan, Allen Chi Zhou"]
[Black "Steadman, Michael VR"]
[Result "0-1"]
[WhiteElo "2097"]
[BlackElo "2283"]
[PlyCount "70"]
[EventDate "2019.06.01"]
[EventType "swiss"]
[EventRounds "6"]
[EventCountry "NZL"]
[SourceTitle "EXT 2020"]
[Source "ChessBase"]
[SourceDate "2019.10.17"]
[SourceVersion "1"]
[SourceVersionDate "2019.10.17"]
[SourceQuality "1"]

1. Nf3 d5 2. c4 e6 3. g3 c6 4. b3 Be7 5. Bb2 Nf6 6. Bg2 Nbd7 7. d3 0-0 8. 0-0 Qc7 9. Nbd2 b5 10. Rc1 bxc4 11. bxc4 Qa5 12. Rc2 Rb8 13. Qa1 Ba6 14. Rfc1 Rfc8 15. Nb3 Qa4 16. Ne5 Nxe5 17. Bxe5 Ra8 18. Nd4 Ne8 19. cxd5 cxd5 20. Nc6 Bf8 21. e4 dxe4 22. Bxe4 f6 23. Bd4 Nd6 24. Rc5 Bb5 25. Bf3 Nf5 26. Rxb5 Qxb5 27. Nxa7 Rxc1+ 28. Qxc1 Qxd3 29. Bxa8 Nxd4 30. Qb2 h5 31. a4 h4 32. gxh4 Ne2+ 33. Kf1 Nf4+ 34. Ke1 Bb4+ 35. Qxb4 Qe2# 0-1

[Event "Henderson Trusts op 42nd"]
[Site "Henderson"]
[Date "2019.06.03"]
[Round "5"]
[White "Fan, Allen Chi Zhou"]
[Black "Capel, Evan Timothy"]
[Result "0-1"]
[WhiteElo "2097"]
[BlackElo "2151"]
[PlyCount "172"]
[EventDate "2019.06.01"]
[EventType "swiss"]
[EventRounds "6"]
[EventCountry "NZL"]
[SourceTitle "EXT 2020"]
[Source "ChessBase"]
[SourceDate "2019.10.17"]
[SourceVersion "1"]
[SourceVersionDate "2019.10.17"]
[SourceQuality "1"]

1. Nf3 b5 2. g3 Bb7 3. Bg2 c5 4. d3 Nf6 5. 0-0 e6 6. Nbd2 d5 7. b3 Be7 8. c4 Qb6 9. e3 0-0 10. Qe2 Nc6 11. Ba3 Rfe8 12. Rac1 a5 13. cxb5 Qxb5 14. Nb1 Ba6 15. Rfd1 Qb6 16. Nc3 c4 17. Na4 cxd3 18. Qe1 Qb5 19. Bxe7 Rxe7 20. Bf1 Nb4 21. Nd4 Qb8 22. Nc5 Ne4 23. Nxa6 Rxa6 24. Bxd3 Nxd3 25. Rxd3 Rd7 26. f3 Nd6 27. Rdc3 h6 28. Qe2 Ra8 29. Nc6 Qb6 30. Ne5 Rdd8 31. Rc6 Qb4 32. Nd3 Qb8 33. Kf2 a4 34. b4 a3 35. Qc2 Nc4 36. Qb3 Qa7 37. Rc5 Qa4 38. Qc3 Rdb8 39. Rb1 Rb7 40. Rxc4 dxc4 41. Nc5 Qb5 42. Nxb7 Qxb7 43. Qxc4 Rd8 44. Qe2 Qb6 45. Rb3 Rd5 46. Qc2 g5 47. Ke1 h5 48. Qc1 Rf5 49. Qxa3 g4 50. Qa8+ Kg7 51. fxg4 hxg4 52. Qe4 Qc7 53. Qd4+ Kh7 54. Rc3 Qb7 55. e4 Rh5 56. Rc2 Qa6 57. a4 Qxa4 58. Rc8 e5 59. Qd2 Qa1+ 60. Rc1 Qa3 61. Qc3 Qxc3+ 62. Rxc3 Rxh2 63. Rb3 Rh6 64. b5 Rb6 65. Kd2 Kg6 66. Kc3 f5 67. exf5+ Kxf5 68. Kc4 e4 69. Kc5 Re6 70. Re3 Re5+ 71. Kc6 Re6+ 72. Kc7 Ke5 73. b6 Kd4 74. Re1 e3 75. b7 Re7+ 76. Kc6 Re8 77. Kd7 Rh8 78. Rd1+ Ke4 79. Kc7 e2 80. Rd7 Kf3 81. Rd3+ Kf2 82. Rd8 e1Q 83. b8Q Qe5+ 84. Kb7 Qxb8+ 85. Rxb8 Rxb8+ 86. Kxb8 Kxg3 0-1

[Event "Henderson Trusts op 42nd"]
[Site "Henderson"]
[Date "2019.06.01"]
[Round "1"]
[White "Fan, Allen Chi Zhou"]
[Black "Mistry, Prashant"]
[Result "1-0"]
[WhiteElo "2097"]
[BlackElo "1896"]
[PlyCount "89"]
[EventDate "2019.06.01"]
[EventType "swiss"]
[EventRounds "6"]
[EventCountry "NZL"]
[SourceTitle "EXT 2020"]
[Source "ChessBase"]
[SourceDate "2019.10.17"]
[SourceVersion "1"]
[SourceVersionDate "2019.10.17"]
[SourceQuality "1"]

1. Nf3 d5 2. c4 e6 3. g3 Nf6 4. Bg2 Bd6 5. 0-0 0-0 6. b3 Qe7 7. Bb2 Nbd7 8. d3 c6 9. Nc3 a6 10. e4 Ba3 11. Rb1 Bxb2 12. Rxb2 b5 13. cxd5 exd5 14. Re1 Qa3 15. Qc2 Qd6 16. Nd4 b4 17. Nf5 Qb8 18. Ne7+ Kh8 19. Nxc6 Qd6 20. Nxd5 Nxd5 21. exd5 Nb6 22. Qd2 Nxd5 23. Nxb4 Be6 24. Nxd5 Bxd5 25. Bxd5 Qxd5 26. Qe3 Rad8 27. Rd2 h6 28. d4 Qa5 29. Qd3 Rd5 30. Rde2 Qd8 31. Qxa6 Rxd4 32. Qc6 Rd6 33. Qc2 g6 34. b4 Qb6 35. Qb2+ Kh7 36. Qb3 Kg7 37. a4 Rd4 38. b5 Ra8 39. Re7 Qf6 40. R1e6 Qf5 41. Re3 Qf6 42. Rc7 Rd2 43. Rf3 Rb2 44. Rxf7+ Kh8 45. R7xf6 1-0

[Event "NZL-ch op 126th"]
[Site "Auckland"]
[Date "2019.01.14"]
[Round "1"]
[White "Chan, Jacob Joseph"]
[Black "Fan, Allen Chi Zhou"]
[Result "0-1"]
[WhiteElo "1782"]
[BlackElo "2110"]
[PlyCount "64"]
[EventDate "2019.01.14"]
[EventType "swiss"]
[EventRounds "9"]
[EventCountry "NZL"]
[SourceTitle "CBM 188 Extra"]
[Source "ChessBase"]
[SourceDate "2019.02.26"]
[SourceVersion "1"]
[SourceVersionDate "2019.02.26"]
[SourceQuality "1"]

1. e4 d6 2. d4 Nf6 3. Nc3 g6 4. Bg5 Bg7 5. Qd2 a6 6. Bh6 Bxh6 7. Qxh6 c5 8. 0-0-0 cxd4 9. Rxd4 Nc6 10. Rd2 Be6 11. f4 Qa5 12. a3 b5 13. Bd3 b4 14. Nb1 bxa3 15. Nxa3 Nb4 16. Nf3 Nxd3+ 17. cxd3 Rc8+ 18. Rc2 Kd7 19. Qg5 Qb4 20. f5 Bb3 21. Qd2 Qxd2+ 22. Kxd2 Bxc2 23. Nxc2 gxf5 24. exf5 Rhg8 25. g3 Rc5 26. Ne3 Ng4 27. Ra1 a5 28. b4 axb4 29. Ra7+ Rc7 30. Rxc7+ Kxc7 31. Nd5+ Kd7 32. Nxb4 Nh6 0-1

[Event "Oceania-ch U16"]
[Site "Auckland"]
[Date "2019.01.11"]
[Round "8"]
[White "Fan, Allen Chi Zhou"]
[Black "Wang, Kayson"]
[Result "1/2-1/2"]
[WhiteElo "2110"]
[BlackElo "1983"]
[PlyCount "28"]
[EventDate "2019.01.08"]
[EventType "swiss"]
[EventRounds "9"]
[EventCountry "NZL"]
[SourceTitle "EXT 2021"]
[Source "ChessBase"]
[SourceDate "2020.10.23"]
[SourceVersion "1"]
[SourceVersionDate "2020.10.23"]
[SourceQuality "1"]

1. Nf3 d5 2. c4 c6 3. g3 Nf6 4. Bg2 Bg4 5. Ne5 Be6 6. cxd5 Bxd5 7. 0-0 Bxg2 8. Kxg2 e6 9. Nc3 Nbd7 10. Nf3 Be7 11. h3 0-0 12. d3 b5 13. b3 Nd5 14. Nxd5 cxd5 1/2-1/2

[Event "Oceania-ch U16"]
[Site "Auckland"]
[Date "2019.01.10"]
[Round "6"]
[White "Fan, Allen Chi Zhou"]
[Black "Ostapenko, Michael"]
[Result "1-0"]
[WhiteElo "2110"]
[BlackElo "1961"]
[PlyCount "89"]
[EventDate "2019.01.08"]
[EventType "swiss"]
[EventRounds "9"]
[EventCountry "NZL"]
[SourceTitle "EXT 2021"]
[Source "ChessBase"]
[SourceDate "2020.10.23"]
[SourceVersion "1"]
[SourceVersionDate "2020.10.23"]
[SourceQuality "1"]

1. Nf3 d5 2. c4 c6 3. g3 Bg4 4. Bg2 e6 5. 0-0 Bd6 6. b3 Nf6 7. Bb2 0-0 8. d3 Nbd7 9. Na3 Qe7 10. Nc2 Rfe8 11. a3 Rac8 12. b4 h6 13. Qe1 Bb8 14. e4 dxe4 15. dxe4 Bxf3 16. Bxf3 Ne5 17. Qe2 Nxf3+ 18. Qxf3 e5 19. Ne3 Qe6 20. Rfd1 Rcd8 21. Bc3 Bc7 22. Qg2 Bb6 23. c5 Bc7 24. f3 Kf8 25. Qc2 Ng8 26. Kg2 f6 27. a4 Ne7 28. b5 Rxd1 29. Rxd1 Rd8 30. Rxd8+ Bxd8 31. Bb4 Ke8 32. Nc4 Nc8 33. Qb3 Kd7 34. Qd3+ Ke8 35. h3 Be7 36. f4 exf4 37. gxf4 Qd7 38. Nd6+ Bxd6 39. cxd6 Nb6 40. a5 Nc8 41. e5 cxb5 42. Qg6+ Kd8 43. exf6 Nxd6 44. fxg7 Qc6+ 45. Kh2 1-0

[Event "Oceania-ch U16"]
[Site "Auckland"]
[Date "2019.01.10"]
[Round "5"]
[White "Jin, Owen"]
[Black "Fan, Allen Chi Zhou"]
[Result "0-1"]
[WhiteElo "1590"]
[BlackElo "2110"]
[PlyCount "84"]
[EventDate "2019.01.08"]
[EventType "swiss"]
[EventRounds "9"]
[EventCountry "NZL"]
[SourceTitle "EXT 2021"]
[Source "ChessBase"]
[SourceDate "2020.10.23"]
[SourceVersion "1"]
[SourceVersionDate "2020.10.23"]
[SourceQuality "1"]

1. c4 Nf6 2. Nc3 g6 3. g3 Bg7 4. Bg2 0-0 5. e4 d6 6. Nge2 c5 7. 0-0 Nc6 8. d3 a6 9. f4 Rb8 10. h3 Ne8 11. f5 b5 12. cxb5 axb5 13. Qb3 Nc7 14. Bg5 b4 15. Nd5 Nxd5 16. Qxd5 Qe8 17. f6 Be6 18. fxg7 Kxg7 19. Bf6+ exf6 20. Qxd6 Ne5 21. Nf4 Rc8 22. Nxe6+ fxe6 23. Qa6 Qd7 24. d4 cxd4 25. Rac1 d3 26. Rcd1 Qd4+ 27. Kh2 Rc6 28. Qa4 Rd8 29. Rd2 Rdc8 30. Qd1 Rc2 31. Rxc2 Rxc2 32. a4 Qxb2 33. Rg1 Qa2 34. Kh1 b3 35. Qb1 Qxb1 36. Rxb1 d2 37. Rg1 Rc1 38. a5 Rxg1+ 39. Kxg1 d1Q+ 40. Kh2 b2 41. a6 b1Q 42. a7 Qg1# 0-1

[Event "Auckland Trusts op 41st"]
[Site "Auckland"]
[Date "2018.06.04"]
[Round "5"]
[White "Marko, Helmut"]
[Black "Fan, Allen Chi Zhou"]
[Result "0-1"]
[WhiteElo "2046"]
[BlackElo "2207"]
[PlyCount "60"]
[EventDate "2018.06.02"]
[EventType "swiss"]
[EventRounds "6"]
[EventCountry "NZL"]
[SourceTitle "EXT 2019"]
[Source "ChessBase"]
[SourceDate "2018.10.10"]
[SourceVersion "1"]
[SourceVersionDate "2018.10.10"]
[SourceQuality "1"]

1. Nf3 Nf6 2. g3 g6 3. Bg2 Bg7 4. 0-0 0-0 5. c4 c5 6. Nc3 Nc6 7. e3 d5 8. cxd5 Nxd5 9. Nxd5 Qxd5 10. Nd4 Qd6 11. Nxc6 bxc6 12. Qa4 Bd7 13. Rd1 Rfb8 14. Rb1 Rb4 15. Qc2 Bg4 16. f3 Bf5 17. d3 c4 18. e4 Be6 19. Be3 Bd4 20. Qf2 Rd8 21. a3 Bxe3 22. Qxe3 Rb3 23. e5 Qb8 24. Qc1 cxd3 25. Rd2 Qxe5 26. Qd1 c5 27. Qf1 c4 28. Re1 Qd4+ 29. Qf2 Qxf2+ 30. Kxf2 Rdb8 0-1

[Event "NZL-ch op rapid"]
[Site "Palmerston North"]
[Date "2018.01.11"]
[Round "9"]
[White "Fan, Allen Chi Zhou"]
[Black "Knowles, Jeremy"]
[Result "1-0"]
[WhiteElo "1981"]
[BlackElo "1976"]
[PlyCount "103"]
[EventDate "2018.01.10"]
[EventType "swiss (rapid)"]
[EventRounds "9"]
[EventCountry "NZL"]
[SourceTitle "EXT 2019"]
[Source "ChessBase"]
[SourceDate "2018.10.10"]
[SourceVersion "1"]
[SourceVersionDate "2018.10.10"]
[SourceQuality "1"]

1. Nf3 d6 2. g3 g6 3. Bg2 e5 4. 0-0 Bg7 5. c4 f5 6. d3 Nf6 7. Nc3 0-0 8. Rb1 a5 9. a3 h6 10. b4 Nc6 11. b5 Ne7 12. Qb3 Kh7 13. a4 b6 14. Nxe5 dxe5 15. Bxa8 f4 16. Bg2 Nf5 17. Ne4 Nd4 18. Qa2 Nxe4 19. dxe4 f3 20. exf3 Nxf3+ 21. Kh1 Qd3 22. Ba3 Rf6 23. Rb3 Qxe4 24. Re3 Qg4 25. Qe2 Bb7 26. h3 Qh5 27. g4 Qh4 28. Be7 Nd4 29. Bxf6 Bxf6 30. Qd3 Bc8 31. Rg3 Ne6 32. Qf3 Nc5 33. g5 Bg7 34. gxh6 Qxh6 35. Qc6 Bb7 36. Qxc7 Bxg2+ 37. Kxg2 Ne6 38. Qxb6 Nf4+ 39. Kh2 e4 40. Re1 Be5 41. Qb7+ Kg8 42. Qc8+ Kh7 43. Qd7+ Bg7 44. Rxe4 Nh5 45. Rh4 Kg8 46. Qe6+ Kh7 47. Qe4 Bf6 48. Rxh5 Qxh5 49. Kg2 Bc3 50. Rg4 Bf6 51. b6 Be5 52. Rh4 1-0

[Event "NZL-ch op rapid"]
[Site "Palmerston North"]
[Date "2018.01.10"]
[Round "5"]
[White "Lukey, Stephen G"]
[Black "Fan, Allen Chi Zhou"]
[Result "1-0"]
[WhiteElo "2258"]
[BlackElo "1981"]
[PlyCount "61"]
[EventDate "2018.01.10"]
[EventType "swiss (rapid)"]
[EventRounds "9"]
[EventCountry "NZL"]
[SourceTitle "EXT 2019"]
[Source "ChessBase"]
[SourceDate "2018.10.10"]
[SourceVersion "1"]
[SourceVersionDate "2018.10.10"]
[SourceQuality "1"]

1. d4 Nf6 2. c4 g6 3. Nc3 Bg7 4. Bg5 d6 5. e3 0-0 6. Nf3 c5 7. d5 a6 8. a4 Qa5 9. Nd2 h6 10. Bh4 Re8 11. Be2 Nh7 12. Qc1 Nd7 13. 0-0 Ndf8 14. f4 Qc7 15. Bd3 Bd7 16. Qc2 Rab8 17. Kh1 Nf6 18. Rae1 N8h7 19. e4 e5 20. dxe6 Bxe6 21. f5 gxf5 22. exf5 Bd7 23. Nde4 Bc6 24. Bg3 Nxe4 25. Nxe4 Be5 26. f6 Nf8 27. Qd2 Bxg3 28. Qxh6 Ne6 29. Ng5 Bxe1 30. Qh7+ Kf8 31. Qh8# 1-0

[Event "NZL-ch U20 op"]
[Site "Palmerston North"]
[Date "2018.01.09"]
[Round "6"]
[White "Shek, Daniel"]
[Black "Fan, Allen Chi Zhou"]
[Result "0-1"]
[WhiteElo "1220"]
[BlackElo "2073"]
[PlyCount "92"]
[EventDate "2018.01.02"]
[EventType "swiss"]
[EventRounds "6"]
[EventCountry "NZL"]
[SourceTitle "EXT 2019"]
[Source "ChessBase"]
[SourceDate "2018.10.10"]
[SourceVersion "1"]
[SourceVersionDate "2018.10.10"]
[SourceQuality "1"]

1. d4 Nf6 2. c4 g6 3. Nc3 Bg7 4. e4 d6 5. f3 0-0 6. Be3 a6 7. Qd2 c6 8. 0-0-0 b5 9. Bh6 bxc4 10. Bxc4 a5 11. Bb3 Qc7 12. h4 a4 13. Bxa4 Kh8 14. g4 Bxh6 15. Qxh6 Rg8 16. Qf4 Be6 17. Nh3 Rg7 18. Nf2 Nbd7 19. Kc2 Nb6 20. Bb3 Bd7 21. Nd3 Qc8 22. a3 c5 23. dxc5 dxc5 24. Ba2 Na4 25. Qd2 Nxc3 26. Qxc3 Ba4+ 27. b3 Bb5 28. Nxc5 Rxa3 29. Kb2 Ra7 30. Nd3 Rxa2+ 31. Kxa2 Qxc3 32. Nb2 Rg8 33. Rh2 Ra8+ 34. Kb1 Qxb3 35. Rhd2 Qa2+ 36. Kc1 Rc8+ 37. Rc2 Rxc2+ 38. Kxc2 Ba4+ 39. Kc1 Qa1+ 40. Kd2 Qxb2+ 41. Ke1 Qc3+ 42. Ke2 Bxd1+ 43. Kxd1 Qxf3+ 44. Ke1 Nxe4 45. g5 Qf2+ 46. Kd1 Qd2# 0-1

[Event "NZL-ch U20 op"]
[Site "Palmerston North"]
[Date "2018.01.04"]
[Round "3"]
[White "Timergazi, Layla"]
[Black "Fan, Allen Chi Zhou"]
[Result "1-0"]
[WhiteElo "2000"]
[BlackElo "2073"]
[PlyCount "93"]
[EventDate "2018.01.02"]
[EventType "swiss"]
[EventRounds "6"]
[EventCountry "NZL"]
[SourceTitle "EXT 2019"]
[Source "ChessBase"]
[SourceDate "2018.10.10"]
[SourceVersion "1"]
[SourceVersionDate "2018.10.10"]
[SourceQuality "1"]

1. d4 Nf6 2. c4 g6 3. Nc3 Bg7 4. e4 d6 5. h3 0-0 6. Bg5 c5 7. d5 e6 8. Nf3 exd5 9. exd5 a6 10. a4 h6 11. Be3 Nbd7 12. Bd3 b6 13. 0-0 Kh7 14. Bf4 Qc7 15. Re1 Re8 16. Rxe8 Nxe8 17. Qd2 Ne5 18. Nxe5 dxe5 19. Bh2 f6 20. f4 exf4 21. Bxf4 Qd8 22. g4 Nd6 23. Qh2 Bf8 24. Kh1 Ra7 25. Rg1 f5 26. h4 b5 27. axb5 axb5 28. cxb5 c4 29. Bc2 Nxb5 30. Qf2 Rf7 31. gxf5 gxf5 32. Nxb5 Qxd5+ 33. Qg2 Qxg2+ 34. Kxg2 Rb7 35. Nd4 Rxb2 36. Kh3 Bc5 37. Be5 Bxd4 38. Rg7+ Kh8 39. Bxd4 Rxc2 40. Rg2+ Kh7 41. Rxc2 Be6 42. Re2 Bd5 43. Kg3 Kg6 44. Kf4 Be4 45. Ra2 Bd5 46. Ra6+ Kh5 47. Bg7 1-0